[Event "DVM U20 2016"]
[Site "Borken-Gemen GER"]
[Date "2016.12.27"]
[Round "1"]
[White "Peng, Xiang-Tobias"]
[Black "Noe, Christopher"]
[Result "0-1"]
[Termination "normal"]
[Board "1.1"]
[BlackTitle "IM"]
[WhiteElo "2144"]
[BlackElo "2434"]
[WhiteClock "00:01:40"]
[BlackClock "00:21:35"]
[WhiteTeam "Heilbronner SV"]
[BlackTeam "SC Eppingen"]
[PlyCount "68"]
[WhiteFideId "12964328"]
[BlackFideId "24692018"]
[EventCountry "GER"]
[EventRounds "7"]
[EventType "team-swiss"]
[EventDate "2016.12.26"]

1. e4 {[%clk 1:30:58]} d5 {[%clk 1:30:54]} 2. exd5 {[%clk 1:31:08]} Qxd5 {[%clk
1:31:22]} 3. Nc3 {[%clk 1:31:29]} Qa5 {[%clk 1:30:35]} 4. Bc4 {[%clk 1:31:17]}
Nf6 {[%clk 1:30:49]} 5. d4 {[%clk 1:25:52]} Bg4 {[%clk 1:24:33]} 6. f3 {[%clk
1:22:13]} Bf5 {[%clk 1:24:57]} 7. Nge2 {[%clk 1:20:53]} e6 {[%clk 1:25:00]} 8.
O-O {[%clk 1:18:41]} Nbd7 {[%clk 1:13:41]} 9. Ng3 {[%clk 1:07:35]} Bg6 {[%clk
1:13:27]} 10. Be3 {[%clk 1:02:58]} Nb6 {[%clk 0:59:24]} 11. Bb3 {[%clk
0:59:43]} Nbd5 {[%clk 0:56:59]} 12. Nxd5 {[%clk 0:57:29]} Nxd5 {[%clk 0:57:11]}
13. Qe2 {[%clk 0:56:26]} Nxe3 {[%clk 0:56:56]} 14. Qxe3 {[%clk 0:56:45]} O-O-O
{[%clk 0:57:13]} 15. Kh1 {[%clk 0:48:27]} Qb6 {[%clk 0:56:03]} 16. Rad1 {[%clk
0:46:02]} h5 {[%clk 0:53:58]} 17. Ne2 {[%clk 0:42:45]} h4 {[%clk 0:49:02]} 18.
h3 {[%clk 0:36:58]} Kb8 {[%clk 0:45:38]} 19. Nf4 {[%clk 0:33:44]} Bf5 {[%clk
0:44:21]} 20. c3 {[%clk 0:28:55]} Bd6 {[%clk 0:37:16]} 21. Rfe1 {[%clk
0:24:06]} c6 {[%clk 0:35:02]} 22. Nd3 {[%clk 0:23:39]} Bxd3 {[%clk 0:34:37]}
23. Rxd3 {[%clk 0:23:33]} Ka8 {[%clk 0:34:11]} 24. Kg1 {[%clk 0:17:40]} Bb8 25.
Kf1 Rh6 {[%clk 0:29:25]} 26. Re2 {[%clk 0:12:29]} Qc7 27. Rdd2 Rg6 {[%clk
0:24:31]} 28. Bc2 {[%clk 0:11:21]} f5 29. Bb3 {[%clk 0:10:12]} Qg3 {[%clk
0:24:18]} 30. Qf2 Qg5 {[%clk 0:24:15]} 31. Rxe6 {[%clk 0:06:04]} Rxe6 {[%clk
0:22:59]} 32. Bxe6 {[%clk 0:06:19]} Bg3 {[%clk 0:22:26]} 33. Qe2 {[%clk
0:04:08]} Re8 {[%clk 0:22:35]} 34. Rd1 {[%clk 0:01:40]} Qf6 {[%clk 0:21:35]}
0-1

[Event "DVM U20 2016"]
[Site "Borken-Gemen GER"]
[Date "2016.12.27"]
[Round "1"]
[White "Hacker, Jonas"]
[Black "Wenninger, Patrick"]
[Result "1-0"]
[Termination "normal"]
[Board "1.2"]
[WhiteTitle "FM"]
[WhiteElo "2369"]
[BlackElo "1841"]
[WhiteClock "00:32:46"]
[BlackClock "00:59:39"]
[WhiteTeam "SC Eppingen"]
[BlackTeam "Heilbronner SV"]
[PlyCount "71"]
[WhiteFideId "1270968"]
[BlackFideId "12927880"]
[EventCountry "GER"]
[EventRounds "7"]
[EventType "team-swiss"]
[EventDate "2016.12.26"]

1. e4 {[%clk 1:30:59]} c6 {[%clk 1:30:52]} 2. d4 {[%clk 1:31:24]} d5 {[%clk
1:31:17]} 3. Nd2 {[%clk 1:31:47]} dxe4 {[%clk 1:31:38]} 4. Nxe4 {[%clk
1:32:10]} Bf5 {[%clk 1:31:50]} 5. Ng3 {[%clk 1:32:33]} Bg6 {[%clk 1:32:13]} 6.
Nf3 {[%clk 1:32:58]} Nd7 {[%clk 1:32:20]} 7. h4 {[%clk 1:33:22]} h6 {[%clk
1:32:33]} 8. h5 {[%clk 1:33:45]} Bh7 {[%clk 1:32:58]} 9. Bd3 {[%clk 1:34:10]}
Bxd3 {[%clk 1:33:18]} 10. Qxd3 {[%clk 1:34:29]} e6 {[%clk 1:33:28]} 11. Bd2
{[%clk 1:34:52]} Ngf6 {[%clk 1:33:04]} 12. O-O-O {[%clk 1:34:06]} Be7 {[%clk
1:32:39]} 13. Kb1 {[%clk 1:34:12]} Qb6 {[%clk 1:28:20]} 14. Ne4 {[%clk
1:20:58]} c5 {[%clk 1:26:13]} 15. Nxf6+ {[%clk 0:56:44]} Bxf6 {[%clk 1:25:11]}
16. Be3 {[%clk 0:54:31]} O-O {[%clk 1:20:46]} 17. Qb3 {[%clk 0:49:35]} Rac8
{[%clk 1:11:48]} 18. dxc5 {[%clk 0:46:00]} Nxc5 {[%clk 1:09:31]} 19. Qxb6
{[%clk 0:46:16]} axb6 {[%clk 1:09:47]} 20. Rd6 {[%clk 0:44:13]} Rc6 {[%clk
1:07:00]} 21. Rxc6 {[%clk 0:43:32]} bxc6 {[%clk 1:07:18]} 22. Bxc5 {[%clk
0:43:49]} bxc5 {[%clk 1:07:33]} 23. c3 {[%clk 0:42:28]} Rb8 {[%clk 1:06:25]}
24. Kc2 {[%clk 0:42:47]} Kf8 {[%clk 1:06:20]} 25. Nd2 {[%clk 0:40:55]} Ke8
{[%clk 1:05:01]} 26. Ne4 {[%clk 0:39:20]} Be7 {[%clk 1:04:24]} 27. Rd1 {[%clk
0:37:43]} Rd8 {[%clk 1:03:47]} 28. Rxd8+ {[%clk 0:35:50]} Kxd8 {[%clk 1:04:07]}
29. Kd3 {[%clk 0:35:24]} Kc7 {[%clk 1:03:54]} 30. Kc4 {[%clk 0:35:48]} Kb6 31.
a4 {[%clk 0:35:50]} Bf8 {[%clk 1:03:13]} 32. Nxc5 {[%clk 0:35:25]} Be7 {[%clk
1:02:36]} 33. Nd7+ {[%clk 0:34:23]} Kc7 {[%clk 0:59:46]} 34. Ne5 {[%clk
0:34:26]} f6 {[%clk 0:59:39]} 35. Nd3 {[%clk 0:34:30]} Kb6 36. Nc5 {[%clk
0:32:46]} 1-0

[Event "DVM U20 2016"]
[Site "Borken-Gemen GER"]
[Date "2016.12.27"]
[Round "1"]
[White "Mütsch, Annmarie"]
[Black "Mikeler, Marcel"]
[Result "1-0"]
[Termination "normal"]
[Board "1.4"]
[WhiteElo "2094"]
[BlackElo "1833"]
[WhiteClock "00:05:37"]
[BlackClock "00:00:34"]
[WhiteTeam "SC Eppingen"]
[BlackTeam "Heilbronner SV"]
[PlyCount "161"]
[WhiteFideId "12971367"]
[BlackFideId "12927856"]
[EventCountry "GER"]
[EventRounds "7"]
[EventType "team-swiss"]
[EventDate "2016.12.26"]

1. e4 {[%clk 1:30:57]} c5 {[%clk 1:30:53]} 2. Nf3 {[%clk 1:31:19]} d6 {[%clk
1:31:18]} 3. d4 {[%clk 1:31:41]} cxd4 {[%clk 1:31:43]} 4. Nxd4 {[%clk 1:32:04]}
Nf6 {[%clk 1:32:07]} 5. Nc3 {[%clk 1:32:23]} a6 {[%clk 1:32:33]} 6. f4 {[%clk
1:32:37]} e5 {[%clk 1:32:41]} 7. Nf3 {[%clk 1:32:59]} Nbd7 {[%clk 1:31:32]} 8.
a4 {[%clk 1:33:11]} Be7 {[%clk 1:29:41]} 9. Bd3 {[%clk 1:32:33]} Qc7 {[%clk
1:24:45]} 10. O-O {[%clk 1:29:42]} O-O {[%clk 1:23:57]} 11. Kh1 {[%clk
1:25:34]} b6 {[%clk 1:17:15]} 12. Nh4 {[%clk 1:05:05]} Re8 {[%clk 1:01:27]} 13.
Nf5 {[%clk 0:59:03]} Bf8 {[%clk 0:59:46]} 14. fxe5 {[%clk 0:54:44]} dxe5 {[%clk
0:43:58]} 15. Bg5 {[%clk 0:51:46]} Bb7 {[%clk 0:33:37]} 16. Nh6+ {[%clk
0:50:55]} gxh6 {[%clk 0:31:42]} 17. Bxf6 {[%clk 0:51:19]} Nxf6 {[%clk 0:26:32]}
18. Rxf6 {[%clk 0:51:13]} Bg7 {[%clk 0:18:22]} 19. Qg4 {[%clk 0:47:15]} Kh8
{[%clk 0:16:00]} 20. Rf3 {[%clk 0:46:03]} Bc8 {[%clk 0:13:18]} 21. Qh5 {[%clk
0:43:58]} Be6 {[%clk 0:13:14]} 22. Raf1 {[%clk 0:37:48]} Rg8 {[%clk 0:07:20]}
23. Nd5 {[%clk 0:35:15]} Qd8 {[%clk 0:03:14]} 24. Rg3 {[%clk 0:30:39]} Ra7
{[%clk 0:02:09]} 25. Ne3 {[%clk 0:25:05]} f6 {[%clk 0:01:51]} 26. Qe2 {[%clk
0:24:42]} Qd4 {[%clk 0:01:11]} 27. b3 {[%clk 0:23:29]} a5 {[%clk 0:01:40]} 28.
Bc4 {[%clk 0:23:06]} Bxc4 {[%clk 0:01:04]} 29. Nxc4 {[%clk 0:23:11]} Qc5 {[%clk
0:00:53]} 30. Rd3 {[%clk 0:23:03]} Qc7 {[%clk 0:00:48]} 31. Nd6 {[%clk
0:21:16]} Qb8 {[%clk 0:00:46]} 32. Qh5 {[%clk 0:20:29]} Qf8 {[%clk 0:00:38]}
33. Nf5 {[%clk 0:20:20]} Qe8 {[%clk 0:00:48]} 34. Qh4 {[%clk 0:19:54]} Rd7
{[%clk 0:00:51]} 35. Rxd7 {[%clk 0:17:13]} Qxd7 {[%clk 0:01:12]} 36. Nxg7
{[%clk 0:14:05]} Qxg7 {[%clk 0:01:41]} 37. Qxf6 {[%clk 0:13:18]} Qxf6 {[%clk
0:01:59]} 38. Rxf6 {[%clk 0:13:42]} Rg4 {[%clk 0:01:42]} 39. h3 {[%clk
0:12:37]} Rxe4 {[%clk 0:02:09]} 40. Rxb6 {[%clk 0:10:47]} Re1+ {[%clk 0:00:49]}
41. Kh2 {[%clk 0:11:01]} Kg7 {[%clk 0:30:05]} 42. c4 {[%clk 0:39:37]} Re3
{[%clk 0:28:31]} 43. Kg1 {[%clk 0:39:02]} h5 {[%clk 0:25:46]} 44. Kf2 {[%clk
0:39:21]} Rc3 {[%clk 0:25:52]} 45. Re6 {[%clk 0:21:45]} Rxb3 {[%clk 0:22:44]}
46. Rxe5 {[%clk 0:22:09]} Rb4 {[%clk 0:23:00]} 47. Rxa5 {[%clk 0:22:06]} Rxc4
{[%clk 0:23:20]} 48. Ke3 {[%clk 0:20:42]} Kg6 {[%clk 0:19:24]} 49. Ra8 {[%clk
0:18:38]} Kf5 {[%clk 0:13:56]} 50. a5 {[%clk 0:16:23]} Ra4 {[%clk 0:13:26]} 51.
a6 {[%clk 0:16:03]} Kg5 {[%clk 0:10:13]} 52. Kd3 {[%clk 0:12:26]} Kh4 {[%clk
0:06:41]} 53. a7 {[%clk 0:11:03]} Ra2 {[%clk 0:03:37]} 54. Ke3 {[%clk 0:10:05]}
Ra4 {[%clk 0:02:32]} 55. Kf3 {[%clk 0:07:56]} Ra2 {[%clk 0:02:02]} 56. Ke3
{[%clk 0:07:53]} Ra4 {[%clk 0:01:47]} 57. Kf2 {[%clk 0:08:13]} Ra1 {[%clk
0:01:06]} 58. Ke2 {[%clk 0:08:35]} Ra2+ {[%clk 0:00:32]} 59. Kf1 {[%clk
0:08:59]} Ra1+ {[%clk 0:01:21]} 60. Kf2 {[%clk 0:09:20]} h6 {[%clk 0:00:52]}
61. Ke3 {[%clk 0:06:23]} Ra2 {[%clk 0:00:36]} 62. Ke4 {[%clk 0:05:21]} Ra3
{[%clk 0:00:34]} 63. Kf5 {[%clk 0:04:51]} Ra6 {[%clk 0:00:48]} 64. Ke5 {[%clk
0:04:36]} Ra4 {[%clk 0:00:34]} 65. Kf6 {[%clk 0:04:04]} Ra2 {[%clk 0:00:36]}
66. Ke5 {[%clk 0:03:50]} Ra6 {[%clk 0:00:42]} 67. Kd4 {[%clk 0:03:07]} Ra5
{[%clk 0:00:36]} 68. Kc4 {[%clk 0:02:42]} Ra2 {[%clk 0:00:36]} 69. Kd3 {[%clk
0:02:54]} Ra6 {[%clk 0:00:40]} 70. Ke3 {[%clk 0:03:15]} Ra4 {[%clk 0:00:37]}
71. Kf2 {[%clk 0:03:38]} Ra1 {[%clk 0:00:45]} 72. Ke2 {[%clk 0:04:01]} Ra3
{[%clk 0:00:33]} 73. Kf1 {[%clk 0:04:24]} Ra1+ {[%clk 0:00:33]} 74. Kf2 {[%clk
0:04:49]} Ra3 {[%clk 0:00:34]} 75. Kg1 {[%clk 0:05:13]} Ra1+ {[%clk 0:00:38]}
76. Kh2 {[%clk 0:05:37]} Ra2 {[%clk 0:00:34]} 77. Rh8 {[%clk 0:05:23]} Rxa7
{[%clk 0:00:39]} 78. Rxh6 {[%clk 0:05:45]} Kg5 {[%clk 0:00:38]} 79. Rb6 {[%clk
0:06:09]} h4 {[%clk 0:00:56]} 80. Rb5+ {[%clk 0:05:25]} Kf4 {[%clk 0:00:34]}
81. Rh5 {[%clk 0:05:37]} 1-0

[Event "DVM U20 2016"]
[Site "Borken-Gemen GER"]
[Date "2016.12.27"]
[Round "1"]
[White "Lahouel, Kim-Luca"]
[Black "Bay, Nicolai"]
[Result "0-1"]
[Termination "normal"]
[Board "1.5"]
[WhiteElo "1740"]
[BlackElo "1977"]
[WhiteClock "00:02:11"]
[BlackClock "00:17:07"]
[WhiteTeam "Heilbronner SV"]
[BlackTeam "SC Eppingen"]
[PlyCount "162"]
[WhiteFideId "12979503"]
[BlackFideId "12927619"]
[EventCountry "GER"]
[EventRounds "7"]
[EventType "team-swiss"]
[EventDate "2016.12.26"]

1. e4 {[%clk 1:30:55]} c5 {[%clk 1:30:50]} 2. c3 {[%clk 1:31:06]} d5 {[%clk
1:31:12]} 3. exd5 {[%clk 1:31:30]} Qxd5 {[%clk 1:31:38]} 4. d4 {[%clk 1:31:55]}
Nc6 {[%clk 1:31:41]} 5. Nf3 {[%clk 1:32:21]} e6 {[%clk 1:31:25]} 6. Be2 {[%clk
1:32:05]} cxd4 {[%clk 1:31:17]} 7. cxd4 {[%clk 1:32:29]} Nf6 {[%clk 1:31:40]}
8. O-O {[%clk 1:32:31]} Be7 {[%clk 1:32:05]} 9. Nc3 {[%clk 1:32:08]} Qd8 {[%clk
1:32:30]} 10. Be3 {[%clk 1:30:27]} O-O {[%clk 1:31:54]} 11. Rc1 {[%clk
1:29:23]} Nd5 {[%clk 1:09:06]} 12. Nxd5 {[%clk 1:26:15]} Qxd5 {[%clk 1:08:25]}
13. Bc4 {[%clk 1:26:19]} Qa5 {[%clk 1:05:19]} 14. a3 {[%clk 1:23:40]} Bf6
{[%clk 1:01:45]} 15. Qe2 {[%clk 1:19:33]} Rd8 {[%clk 0:58:17]} 16. Rfd1 {[%clk
1:19:55]} Ne7 {[%clk 0:56:15]} 17. Ba2 {[%clk 1:17:35]} b6 {[%clk 0:50:28]} 18.
Bb1 {[%clk 1:07:48]} Bb7 {[%clk 0:46:16]} 19. h3 {[%clk 0:37:57]} Qh5 {[%clk
0:41:51]} 20. Rd2 {[%clk 0:28:57]} Bxf3 {[%clk 0:40:52]} 21. Qxf3 {[%clk
0:29:20]} Qxf3 {[%clk 0:41:16]} 22. gxf3 {[%clk 0:29:47]} Rd7 {[%clk 0:41:07]}
23. Be4 {[%clk 0:26:58]} Rad8 {[%clk 0:40:55]} 24. f4 {[%clk 0:24:15]} g6
{[%clk 0:39:16]} 25. b3 {[%clk 0:22:29]} Kf8 {[%clk 0:39:05]} 26. a4 {[%clk
0:19:23]} Nf5 {[%clk 0:36:42]} 27. d5 {[%clk 0:11:31]} exd5 {[%clk 0:34:06]}
28. Bxf5 {[%clk 0:10:48]} gxf5 {[%clk 0:34:24]} 29. Bd4 {[%clk 0:10:13]} Bxd4
{[%clk 0:31:46]} 30. Rxd4 {[%clk 0:10:36]} Re8 {[%clk 0:31:41]} 31. Rcd1 {[%clk
0:08:21]} Re4 {[%clk 0:31:45]} 32. Rxd5 {[%clk 0:06:18]} Rxd5 {[%clk 0:32:03]}
33. Rxd5 {[%clk 0:06:43]} Rxf4 {[%clk 0:32:25]} 34. Rb5 {[%clk 0:04:13]} Kg7
{[%clk 0:31:55]} 35. Kg2 {[%clk 0:02:30]} Kg6 {[%clk 0:31:23]} 36. Kg3 {[%clk
0:01:28]} Rd4 {[%clk 0:30:29]} 37. a5 {[%clk 0:01:36]} bxa5 {[%clk 0:29:24]}
38. Rxa5 {[%clk 0:01:58]} Rd3+ {[%clk 0:28:54]} 39. f3 {[%clk 0:01:02]} Rxb3
{[%clk 0:28:39]} 40. Rxa7 {[%clk 0:01:24]} Rb4 {[%clk 0:27:55]} 41. f4 {[%clk
0:23:14]} h6 {[%clk 0:57:01]} 42. Ra8 {[%clk 0:23:08]} Kh5 {[%clk 0:56:11]} 43.
Ra5 {[%clk 0:21:10]} Rb3+ {[%clk 0:55:01]} 44. Kg2 {[%clk 0:21:31]} Kg6 {[%clk
0:54:28]} 45. Ra8 {[%clk 0:21:38]} Re3 {[%clk 0:52:09]} 46. Rg8+ {[%clk
0:19:27]} Kh7 {[%clk 0:51:45]} 47. Ra8 {[%clk 0:19:09]} h5 {[%clk 0:50:32]} 48.
Ra5 {[%clk 0:18:47]} Kg6 {[%clk 0:48:57]} 49. Ra8 {[%clk 0:18:50]} f6 {[%clk
0:46:41]} 50. Rb8 {[%clk 0:17:15]} Ra3 {[%clk 0:36:31]} 51. Rc8 {[%clk
0:16:45]} Ra4 {[%clk 0:35:07]} 52. Kg3 {[%clk 0:16:44]} h4+ {[%clk 0:33:04]}
53. Kf3 {[%clk 0:08:56]} Ra3+ {[%clk 0:33:01]} 54. Kg2 {[%clk 0:09:24]} Rg3+
{[%clk 0:33:22]} 55. Kh2 {[%clk 0:09:53]} Rf3 {[%clk 0:33:18]} 56. Rc4 {[%clk
0:10:17]} Re3 {[%clk 0:33:10]} 57. Rc2 {[%clk 0:08:43]} Kf7 {[%clk 0:28:38]}
58. Rc7+ {[%clk 0:08:54]} Re7 {[%clk 0:28:47]} 59. Rc2 {[%clk 0:04:12]} Re4
{[%clk 0:29:05]} 60. Rf2 {[%clk 0:04:33]} Ke6 {[%clk 0:29:02]} 61. Kg2 {[%clk
0:04:50]} Ra4 {[%clk 0:28:16]} 62. Kf3 {[%clk 0:01:53]} Ra3+ {[%clk 0:28:32]}
63. Kg2 {[%clk 0:02:15]} Kd5 {[%clk 0:28:39]} 64. Rb2 {[%clk 0:01:14]} Ke4
{[%clk 0:27:56]} 65. Rb4+ {[%clk 0:01:18]} Ke3 {[%clk 0:27:54]} 66. Rb6 {[%clk
0:01:13]} Ra2+ {[%clk 0:26:43]} 67. Kg1 {[%clk 0:01:16]} Kxf4 {[%clk 0:27:06]}
68. Rxf6 {[%clk 0:01:26]} Ra7 {[%clk 0:24:53]} 69. Kh2 Ra2+ {[%clk 0:19:13]}
70. Kh1 {[%clk 0:00:49]} Kg3 {[%clk 0:19:14]} 71. Rg6+ {[%clk 0:00:51]} Kxh3
{[%clk 0:19:32]} 72. Kg1 {[%clk 0:01:13]} Ra3 {[%clk 0:17:48]} 73. Kf2 {[%clk
0:01:16]} Rg3 {[%clk 0:16:55]} 74. Rf6 {[%clk 0:01:35]} Kg4 {[%clk 0:17:18]}
75. Rg6+ {[%clk 0:01:54]} Kf4 {[%clk 0:17:25]} 76. Rh6 {[%clk 0:02:11]} Kg5
{[%clk 0:17:47]} 77. Rh8 {[%clk 0:02:29]} Ra3 {[%clk 0:17:42]} 78. Rg8+ {[%clk
0:02:15]} Kf4 {[%clk 0:18:01]} 79. Rh8 {[%clk 0:02:20]} Ra2+ {[%clk 0:17:29]}
80. Kg1 {[%clk 0:02:39]} Kf3 {[%clk 0:16:48]} 81. Rxh4 {[%clk 0:02:11]} Kg3
{[%clk 0:17:07]} 0-1

[Event "DVM U20 2016"]
[Site "Borken-Gemen GER"]
[Date "2016.12.27"]
[Round "1"]
[White "Hermann, Tobias"]
[Black "Ignatov, Dmitriy"]
[Result "0-1"]
[Termination "normal"]
[Board "1.6"]
[WhiteElo "1966"]
[BlackElo "1768"]
[WhiteClock "00:27:07"]
[BlackClock "00:19:03"]
[WhiteTeam "SC Eppingen"]
[BlackTeam "Heilbronner SV"]
[PlyCount "108"]
[WhiteFideId "12903701"]
[BlackFideId "12927872"]
[EventCountry "GER"]
[EventRounds "7"]
[EventType "team-swiss"]
[EventDate "2016.12.26"]

1. c4 {[%clk 1:30:57]} Nf6 {[%clk 1:30:52]} 2. Nc3 {[%clk 1:31:21]} g6 {[%clk
1:31:15]} 3. Nf3 {[%clk 1:31:44]} Bg7 {[%clk 1:31:32]} 4. d4 {[%clk 1:31:55]}
d6 {[%clk 1:27:07]} 5. e4 {[%clk 1:29:16]} O-O {[%clk 1:25:59]} 6. Be2 {[%clk
1:29:39]} e5 {[%clk 1:21:45]} 7. Bg5 {[%clk 1:18:21]} exd4 {[%clk 0:43:14]} 8.
Nxd4 {[%clk 1:18:33]} Nc6 {[%clk 0:42:03]} 9. Nc2 {[%clk 1:08:22]} Re8 {[%clk
0:40:23]} 10. f3 {[%clk 0:54:28]} Be6 {[%clk 0:35:50]} 11. Qd2 {[%clk 0:51:43]}
Qd7 {[%clk 0:33:18]} 12. O-O-O {[%clk 0:46:58]} a5 {[%clk 0:27:56]} 13. g4
{[%clk 0:46:58]} a4 {[%clk 0:17:26]} 14. h4 {[%clk 0:47:13]} h5 {[%clk
0:11:09]} 15. Bxf6 {[%clk 0:46:28]} Bxf6 {[%clk 0:11:27]} 16. gxh5 {[%clk
0:46:56]} Kf8 {[%clk 0:06:49]} 17. hxg6 {[%clk 0:46:06]} fxg6 {[%clk 0:06:40]}
18. Qh6+ {[%clk 0:45:21]} Qg7 {[%clk 0:06:48]} 19. Qxg7+ {[%clk 0:44:35]} Kxg7
{[%clk 0:06:11]} 20. Nb5 {[%clk 0:44:33]} Rac8 {[%clk 0:04:37]} 21. h5 {[%clk
0:44:18]} gxh5 {[%clk 0:04:11]} 22. Rxh5 {[%clk 0:44:09]} Ne5 {[%clk 0:03:56]}
23. Rg1+ {[%clk 0:43:24]} Kf8 {[%clk 0:04:21]} 24. Ne3 {[%clk 0:43:19]} Bf7
{[%clk 0:04:06]} 25. Rh6 {[%clk 0:42:02]} Bg7 {[%clk 0:03:08]} 26. Rh7 {[%clk
0:42:29]} Bg6 {[%clk 0:02:48]} 27. Rh3 {[%clk 0:41:52]} Bf7 {[%clk 0:03:04]}
28. Nd5 {[%clk 0:37:57]} c6 {[%clk 0:01:55]} 29. Nxd6 {[%clk 0:30:18]} cxd5
{[%clk 0:02:23]} 30. Nxe8 {[%clk 0:24:26]} Bxe8 {[%clk 0:02:17]} 31. Kb1 {[%clk
0:08:39]} dxe4 {[%clk 0:01:56]} 32. fxe4 {[%clk 0:05:34]} Nxc4 {[%clk 0:01:52]}
33. Rf3+ {[%clk 0:03:16]} Bf7 {[%clk 0:01:16]} 34. Bxc4 {[%clk 0:03:31]} Rxc4
{[%clk 0:01:41]} 35. Rgf1 {[%clk 0:02:38]} Rc7 {[%clk 0:02:09]} 36. Rf5 {[%clk
0:02:44]} Re7 {[%clk 0:01:52]} 37. Rb5 {[%clk 0:01:48]} Kg8 {[%clk 0:00:57]}
38. Rg1 {[%clk 0:01:43]} Be8 {[%clk 0:00:56]} 39. Rbg5 {[%clk 0:01:22]} Bc6
{[%clk 0:00:54]} 40. e5 {[%clk 0:01:35]} Kf8 {[%clk 0:00:53]} 41. Rf1+ {[%clk
0:00:58]} Ke8 {[%clk 0:26:26]} 42. e6 {[%clk 0:30:48]} Be4+ {[%clk 0:26:22]}
43. Ka1 {[%clk 0:29:53]} a3 {[%clk 0:25:32]} 44. Rxg7 {[%clk 0:29:31]} axb2+
{[%clk 0:23:06]} 45. Kxb2 {[%clk 0:29:53]} Rxg7 {[%clk 0:23:26]} 46. Rf4 {[%clk
0:26:52]} Rg2+ {[%clk 0:21:56]} 47. Ka1 {[%clk 0:27:03]} Bd5 {[%clk 0:21:41]}
48. Ra4 {[%clk 0:27:24]} Ke7 {[%clk 0:21:25]} 49. Kb1 {[%clk 0:27:42]} Kxe6
{[%clk 0:21:35]} 50. Ka1 {[%clk 0:28:07]} Kd6 {[%clk 0:21:48]} 51. Kb1 {[%clk
0:27:53]} Kc5 {[%clk 0:20:49]} 52. Ra5+ {[%clk 0:28:16]} Kc4 {[%clk 0:20:35]}
53. Ra8 {[%clk 0:26:39]} Kc3 {[%clk 0:19:28]} 54. Rc8+ {[%clk 0:27:07]} Bc4
{[%clk 0:19:03]} 0-1

[Event "DVM U20 2016"]
[Site "Borken-Gemen GER"]
[Date "2016.12.27"]
[Round "1"]
[White "Ruff, Maximilian"]
[Black "Keller, Peter"]
[Result "1-0"]
[Termination "normal"]
[Board "2.1"]
[WhiteTitle "FM"]
[BlackTitle "FM"]
[WhiteElo "2228"]
[BlackElo "2285"]
[WhiteTeam "SF Sasbach"]
[BlackTeam "Frankfurter TV"]
[PlyCount "55"]
[WhiteFideId "1271670"]
[BlackFideId "1272105"]
[EventCountry "GER"]
[EventRounds "7"]
[EventType "team-swiss"]
[EventDate "2016.12.26"]

1.e4 e5 2.Nf3 Nc6 3.Bc4 Nf6 4.d3 Be7 5.O-O O-O 6.Re1 d6 7.a4 Na5 8.Ba2 c5 9.Na3
Nc6 10.c3 h6 11.Nc4 Be6 12.Ne3 Qd7 13.Bxe6 fxe6 14.Nc4 Rac8 15.Bd2 Qe8 16.Rb1
Nh5 17.b4 cxb4 18.cxb4 Qg6 19.b5 Nd4 20.Nxd4 exd4 21.Rc1 b6 22. a5 Rc5 23.axb6
axb6 24.Nxb6 Rxb5 25.Rb1 Rxb1 26.Qxb1 Rb8 27.Qb4 Qf6 28.Nd7 1-0

[Event "DVM U20 2016"]
[Site "Borken-Gemen GER"]
[Date "2016.12.27"]
[Round "1"]
[White "Diyap, Murat"]
[Black "Ehmann, Thilo"]
[Result "0-1"]
[Termination "normal"]
[Board "2.2"]
[BlackTitle "FM"]
[WhiteElo "2084"]
[BlackElo "2272"]
[WhiteClock "00:01:35"]
[BlackClock "00:55:22"]
[WhiteTeam "Frankfurter TV"]
[BlackTeam "SF Sasbach"]
[PlyCount "70"]
[WhiteFideId "1272104"]
[BlackFideId "12940968"]
[EventCountry "GER"]
[EventRounds "7"]
[EventType "team-swiss"]
[EventDate "2016.12.26"]

1. e4 {[%clk 1:30:47]} c5 {[%clk 1:30:56]} 2. Nf3 {[%clk 1:30:17]} Nc6 {[%clk
1:31:23]} 3. Nc3 {[%clk 1:30:18]} g6 {[%clk 1:31:37]} 4. d4 {[%clk 1:29:05]}
cxd4 {[%clk 1:32:02]} 5. Nxd4 {[%clk 1:29:31]} Bg7 {[%clk 1:32:27]} 6. Nb3
{[%clk 1:29:50]} Nf6 {[%clk 1:32:51]} 7. Be2 {[%clk 1:27:17]} O-O {[%clk
1:33:10]} 8. Be3 {[%clk 1:27:41]} a5 {[%clk 1:24:36]} 9. a4 {[%clk 1:27:19]} d5
{[%clk 1:24:22]} 10. exd5 {[%clk 1:16:07]} Nb4 {[%clk 1:24:45]} 11. Bf3 {[%clk
1:16:10]} Bf5 {[%clk 1:22:30]} 12. Nd4 {[%clk 0:47:54]} Qc8 {[%clk 1:22:24]}
13. h3 {[%clk 0:36:02]} h5 {[%clk 1:21:53]} 14. Qd2 {[%clk 0:25:23]} Rd8 {[%clk
1:20:57]} 15. O-O-O {[%clk 0:22:11]} Qc4 {[%clk 1:13:44]} 16. Nxf5 {[%clk
0:20:30]} gxf5 {[%clk 1:14:02]} 17. Kb1 {[%clk 0:17:04]} Ne4 {[%clk 1:13:38]}
18. Bxe4 {[%clk 0:16:56]} Bxc3 {[%clk 1:12:38]} 19. Qxc3 {[%clk 0:16:58]} Qa2+
{[%clk 1:12:50]} 20. Kc1 {[%clk 0:17:12]} Qxa4 {[%clk 1:03:24]} 21. Qa3 {[%clk
0:15:39]} Na2+ {[%clk 1:03:33]} 22. Kd2 {[%clk 0:12:55]} Qxe4 {[%clk 1:02:24]}
23. Qxa2 {[%clk 0:13:08]} f4 {[%clk 1:02:49]} 24. Kc1 {[%clk 0:09:32]} fxe3
{[%clk 1:01:51]} 25. fxe3 {[%clk 0:08:10]} Rdc8 {[%clk 0:55:26]} 26. Qb3 {[%clk
0:08:35]} a4 {[%clk 0:55:47]} 27. Qd3 {[%clk 0:08:51]} Qb4 {[%clk 0:55:52]} 28.
Qa3 {[%clk 0:06:41]} Qc4 {[%clk 0:55:15]} 29. c3 {[%clk 0:05:36]} Qe4 {[%clk
0:55:36]} 30. Rhe1 {[%clk 0:05:44]} Rc4 {[%clk 0:56:00]} 31. d6 {[%clk
0:04:52]} exd6 {[%clk 0:55:14]} 32. Qxd6 {[%clk 0:02:55]} a3 {[%clk 0:55:35]}
33. Qd5 {[%clk 0:02:30]} axb2+ {[%clk 0:54:53]} 34. Kxb2 {[%clk 0:02:58]} Ra2+
{[%clk 0:55:04]} 35. Kb3 {[%clk 0:01:35]} Rb4+ {[%clk 0:55:22]} 0-1